<?xml version="1.0" encoding="UTF-8"?>
<collection xmlns="http://www.loc.gov/MARC21/slim">
 <record>
  <leader>03469nam a2200517Ka 4500</leader>
  <controlfield tag="001">000154340</controlfield>
  <controlfield tag="003">UtOrBLW</controlfield>
  <controlfield tag="005">20220505203343.0</controlfield>
  <controlfield tag="005">20101115152719.0</controlfield>
  <controlfield tag="006">m        d</controlfield>
  <controlfield tag="007">cr un|||||||||</controlfield>
  <controlfield tag="008">101115s2008    enk     o     000 0 eng d</controlfield>
  <datafield tag="STA" ind1=" " ind2=" ">
   <subfield code="a">NEZPRACOVANÝ IMPORT</subfield>
  </datafield>
  <datafield tag="020" ind1=" " ind2=" ">
   <subfield code="a">9781846639098 (electronic bk.) :</subfield>
   <subfield code="c">£57.99 ; €82.95 ; $99.95</subfield>
  </datafield>
  <datafield tag="050" ind1=" " ind2=" ">
   <subfield code="a">HB74.5</subfield>
   <subfield code="b">.D63 2008</subfield>
  </datafield>
  <datafield tag="072" ind1=" " ind2=" ">
   <subfield code="a">KCA</subfield>
   <subfield code="2">bicssc</subfield>
  </datafield>
  <datafield tag="072" ind1=" " ind2=" ">
   <subfield code="a">KCZ</subfield>
   <subfield code="2">bicssc</subfield>
  </datafield>
  <datafield tag="072" ind1=" " ind2=" ">
   <subfield code="a">BUS000000</subfield>
   <subfield code="2">bisacsh</subfield>
  </datafield>
  <datafield tag="080" ind1=" " ind2=" ">
   <subfield code="a">330.101</subfield>
  </datafield>
  <datafield tag="082" ind1=" " ind2=" ">
   <subfield code="a">330</subfield>
   <subfield code="2">22</subfield>
  </datafield>
  <datafield tag="245" ind1=" " ind2=" ">
   <subfield code="a">Documents on and from the history of economic thought and methodology</subfield>
   <subfield code="h">[elektronický zdroj] /</subfield>
   <subfield code="c">edited by Warren J. Samuels, Marianne Johnson, Kirk Johnson.</subfield>
  </datafield>
  <datafield tag="260" ind1=" " ind2=" ">
   <subfield code="a">Bingley, U.K. :</subfield>
   <subfield code="b">Emerald,</subfield>
   <subfield code="c">2008.</subfield>
  </datafield>
  <datafield tag="300" ind1=" " ind2=" ">
   <subfield code="a">1 online resource (260 p.).</subfield>
  </datafield>
  <datafield tag="490" ind1=" " ind2=" ">
   <subfield code="a">Research in the history of economic thought and methodology,</subfield>
   <subfield code="x">0743-4154 ;</subfield>
   <subfield code="v">26, pt. 3</subfield>
  </datafield>
  <datafield tag="505" ind1=" " ind2=" ">
   <subfield code="a">Glenn Johnsons notes from Frank H. Knight's course in the history of economic thought, Economics 302, University of Chicago, winter 1947 / Glenn Johnson -- Glenn Johnson's notes from D. Gale Johnson's course on income and welfare, Economics 356, University of Chicago, spring 1947 / Glenn Johnson -- Glenn Johnson's notes from John U. Nef's course, Introduction to English economic history, University of Chicago, spring 1947 / Glenn Johnson -- Glenn Johnson's notes from Theodore W. Schultz's course on resource administration and policy, Economics 355, University of Chicago, fall 1946 / Glenn Johnson -- Mark Ladenson's notes from Frank W. Fetter's course on the history of economic theory, Economics D-18, Northwestern University, spring 1967 / Mark Ladenson -- Notes on a faculty seminar series on comparative method, by Stanley C. Ratner, Michigan State University, spring term, 1969 -- Glenn Johnsons notes from Milton Friedman's course in economic theory, Economics 300A, University of Chicago, winter quarter 1947 / Glenn Johnson.</subfield>
  </datafield>
  <datafield tag="520" ind1=" " ind2=" ">
   <subfield code="a">Volume 26C contains five sets of lectures taken by Glenn Johnson as a doctoral student in economics at the University of Chicago during 1946-7.Johnson went on to become a leading professor of agricultural economics at Michigan State University. At Chicago his professors were among the foremost in the country.They included Frank Knight, Milton Friedman, D. Gale Johnson, John U. Nef, and T. W. Schultz, several future Nobel Prize winners.Also included are notes by Mark Ladenson (also from Michigan State) at Northwestern and from a faculty seminar at MSU on comparative method.</subfield>
  </datafield>
  <datafield tag="588" ind1=" " ind2=" ">
   <subfield code="a">Print version record</subfield>
  </datafield>
  <datafield tag="650" ind1=" " ind2=" ">
   <subfield code="a">Business &amp; Economics</subfield>
   <subfield code="x">General.</subfield>
   <subfield code="2">bisacsh</subfield>
  </datafield>
  <datafield tag="650" ind1=" " ind2=" ">
   <subfield code="a">Economic theory &amp; philosophy.</subfield>
   <subfield code="2">bicssc</subfield>
  </datafield>
  <datafield tag="650" ind1=" " ind2=" ">
   <subfield code="a">Economic history.</subfield>
   <subfield code="2">bicssc</subfield>
  </datafield>
  <datafield tag="650" ind1=" " ind2=" ">
   <subfield code="a">Economics</subfield>
   <subfield code="x">Study and teaching (Higher)</subfield>
  </datafield>
  <datafield tag="650" ind1=" " ind2=" ">
   <subfield code="a">Economics</subfield>
   <subfield code="x">Methodology.</subfield>
  </datafield>
  <datafield tag="650" ind1=" " ind2=" ">
   <subfield code="a">Economics</subfield>
   <subfield code="x">Research.</subfield>
  </datafield>
  <datafield tag="700" ind1=" " ind2=" ">
   <subfield code="a">Johnson, Marianne F.</subfield>
   <subfield code="q">(Marianne Frances)</subfield>
  </datafield>
  <datafield tag="700" ind1=" " ind2=" ">
   <subfield code="a">Johnson, Kirk.</subfield>
  </datafield>
  <datafield tag="700" ind1=" " ind2=" ">
   <subfield code="a">Samuels, Warren J.,</subfield>
   <subfield code="d">1933-</subfield>
  </datafield>
  <datafield tag="776" ind1=" " ind2=" ">
   <subfield code="z">9781846639081</subfield>
  </datafield>
  <datafield tag="830" ind1=" " ind2=" ">
   <subfield code="a">Research in the history of economic thought and methodology ;</subfield>
   <subfield code="v">v. 26, pt. 3.</subfield>
  </datafield>
  <datafield tag="856" ind1="4" ind2="0">
   <subfield code="u">https://www.emerald.com/insight/publication/doi/10.1016/S0743-4154(2008)26_Part_3</subfield>
   <subfield code="y">Plný text</subfield>
  </datafield>
  <datafield tag="856" ind1="4" ind2="2">
   <subfield code="u">https://knihovna.vse.cz/zdroje/emerald-ebooks/</subfield>
   <subfield code="y">Informace o práci s e-knihami</subfield>
  </datafield>
  <datafield tag="BAS" ind1=" " ind2=" ">
   <subfield code="a">EMERALD</subfield>
  </datafield>
  <datafield tag="BAS" ind1=" " ind2=" ">
   <subfield code="a">EB</subfield>
  </datafield>
  <datafield tag="993" ind1=" " ind2=" ">
   <subfield code="x">NEPOSILAT</subfield>
   <subfield code="y">EB</subfield>
  </datafield>
  <datafield tag="913" ind1=" " ind2=" ">
   <subfield code="1">BMEbacklist</subfield>
  </datafield>
 </record>
</collection>
